000 00993nam a2200265 a 4500
001 3476569
003 GBCCL
005 20241126110353.0
008 930601s1993 orua b 001 0 eng
010 _a 93160036
020 _a0914936549
040 _aDLC
_cDLC
050 0 0 _aBV652.1
_b.D36 1993
082 0 0 _a253
_220
_bDAM
100 1 _aDamazio, Frank.
_91957
245 1 0 _aEffective keys to successful leadership :
_bpractical wisdom for senior pastors appointed by God to lead the local church into its vision and destiny /
_cFrank Damazio ; with a foreword by Dick Iverson.
260 _aPortland, Or. :
_bBible Temple Pub.,
_cc1993.
260 _aHyderabad :
_bG S Books,
_c2016.
300 _axv, 207, [2] p. :
_bill. ;
_c22 cm.
504 _aIncludes bibliographical references (p. [209]) and index.
650 0 _aChristian leadership.
_91568
906 _a7
_bcbc
_corignew
_d3
_encip
_f19
_gy-gencatlg
942 _2ddc
_cBK
_08
999 _c1098
_d1098